Normal view
MARC view
Entry Personal Name
001 - CONTROL NUMBER
- control field: 688192
003 - CONTROL NUMBER IDENTIFIER
- control field: OSt
005 - DATE AND TIME OF LATEST TRANSACTION
- control field: 20221007071129.0
008 - FIXED-LENGTH DATA ELEMENTS
- fixed length control field: 221007|| aca||aabn | a|a d
040 ## - CATALOGING SOURCE
- Original cataloging agency: OSt
- Transcribing agency: OSt
100 ## - HEADING--PERSONAL NAME
- Personal name: Pelt Adrian
670 ## - SOURCE DATA FOUND
- Source citation: Work cat.: (OSt)1142524: Pelt Adrian, Legal principles governing friendly relations and co-operation among states, 1966
